[Event "Berlin Lichtenberger op 16th"]
[Site "Berlin"]
[Date "2017.08.19"]
[Round "1"]
[White "Lange, Johannes Friedrich"]
[Black "Schubert, Joachim"]
[Result "0-1"]
[WhiteElo "1545"]
[BlackElo "1893"]
[PlyCount "116"]
[EventDate "2017.08.19"]
[EventType "swiss"]
[EventRounds "9"]
[EventCountry "GER"]
[SourceTitle "CBM 180 Extra"]
[Source "ChessBase"]
[SourceDate "2017.10.06"]
[SourceVersion "1"]
[SourceVersionDate "2017.10.06"]
[SourceQuality "1"]

1. d4 f5 2. c4 Nf6 3. Nc3 e6 4. Nf3 b6 5. Bg5 Be7 6. e3 Bb7 7. Be2 0-0 8. 0-0 Qe8 9. Ne5 d6 10. Bf3 Ne4 11. Nxe4 fxe4 12. Bh5 Qd8 13. Bxe7 Qxe7 14. Nf7 g6 15. Bxg6 hxg6 16. Nh6+ Kg7 17. Ng4 Qg5 18. h3 Nd7 19. Qa4 Rf7 20. Rad1 a6 21. b4 Rh8 22. Qc2 Kf8 23. d5 exd5 24. cxd5 Bxd5 25. Qxc7 Ke7 26. Rd4 Rf5 27. Rc1 Ke6 28. Rc6 Qe7 29. Rc1 Rfh5 30. Rcd1 Qd8 31. Qc3 Nf6 32. Nxf6 Qxf6 33. Qd2 Qe5 34. Qe2 Bb7 35. Qg4+ Ke7 36. Qxg6 d5 37. Qxb6 Qb8 38. Rc1 Kd7 39. Rcd1 Qc7 40. Qf6 Qe5 41. Qf7+ Kc8 42. Rc1+ Kb8 43. Rc5 Rf5 44. Qd7 Rhf8 45. Rc2 Rg8 46. g3 Rxg3+ 47. fxg3 Qxg3+ 48. Rg2 Qxe3+ 49. Kh2 Qxd4 50. Qxf5 Qxb4 51. Rg8+ Ka7 52. Rg7 Qb2+ 53. Rg2 Qc3 54. Qf2+ d4 55. Rg4 e3 56. Qe2 Qc7+ 57. Rg3 Qf4 58. Kg1 Qxg3+ 0-1

[Event "GER-chT U12"]
[Site "Schney"]
[Date "2013.12.28"]
[Round "3.3"]
[White "Wenzel, Calvin"]
[Black "Lange, Johannes Friedrich"]
[Result "0-1"]
[WhiteElo "1056"]
[BlackElo "1166"]
[PlyCount "108"]
[EventDate "2013.12.27"]
[EventType "team-swiss"]
[EventRounds "7"]
[EventCountry "GER"]
[SourceTitle "EXT 2015"]
[Source "ChessBase"]
[SourceDate "2014.11.20"]
[SourceVersion "1"]
[SourceVersionDate "2014.11.20"]
[SourceQuality "1"]
[WhiteTeam "Bickenbach"]
[BlackTeam "Berlin Schachunion"]
[WhiteTeamCountry "GER"]
[BlackTeamCountry "GER"]

1. e4 c5 2. Nc3 e6 3. f4 d5 4. exd5 exd5 5. Nf3 Nf6 6. a3 a6 7. d3 Nc6 8. Bd2 Be7 9. g3 0-0 10. Bg2 c4 11. b4 cxb3 12. cxb3 Bf5 13. Qb1 Re8 14. 0-0 Qb6+ 15. Kh1 a5 16. Na4 Qa6 17. Ne1 Rac8 18. b4 Qa7 19. b5 Nb8 20. Qa2 Red8 21. b6 Qa6 22. Rf3 Qb5 23. Re3 Bf8 24. Nc3 Qd7 25. Re2 d4 26. Nd1 a4 27. Rb1 Nc6 28. Nf2 Re8 29. Rxe8 Rxe8 30. Bf3 Bc5 31. Ng2 Ne7 32. Re1 Nc8 33. Rxe8+ Nxe8 34. Ba5 Nxb6 35. Bxb6 Bxb6 36. Qb2 Qc7 37. Qb5 Bd7 38. Qb2 Nd6 39. Ne1 Ba5 40. Nc2 Bc3 41. Qa2 Nf5 42. Qb1 b6 43. Qc1 Ba5 44. Qd1 Qc5 45. Ne4 Qc7 46. Kg2 Qxc2+ 47. Qxc2 Ne3+ 48. Kf2 Nxc2 49. Nd6 Nxa3 50. Bd5 Be6 51. Bc6 Bb3 52. Nf5 Nc2 53. Bb5 a3 54. Ne7+ Kf8 0-1